书目信息 |
| 题名: |
大地的震撼
|
|
| 作者: | 马泰泉 著 | |
| 分册: | ||
| 出版信息: | 北京 作家出版社 2011.04 |
|
| 页数: | 278页 | |
| 开本: | 24cm | |
| 丛书名: | ||
| 单 册: | ||
| 中图分类: | I253 , P315.75 | |
| 科图分类: | ||
| 主题词: | 报告文学--bao gao wen xue--中国--当代 , 地震预报--di zhen yu bao--中国 | |
| 电子资源: | ||
| ISBN: | 978-7-5063-5798-2 | |
| 000 | 00898nam0 2200265 450 | |
| 001 | 1173363057 | |
| 005 | 20111110202316.42 | |
| 010 | @a978-7-5063-5798-2@dCNY30.00@z7-5063-5798-4 | |
| 100 | @a20110513d2011 em y0chiy50 ea | |
| 101 | 0 | @achi |
| 102 | @aCN@b110000 | |
| 105 | @ay a 000yy | |
| 200 | 1 | @a大地的震撼@Ada di de zhen han@e揭秘中国地震预报@f马泰泉著 |
| 210 | @a北京@c作家出版社@d2011.04 | |
| 215 | @a278页@d24cm | |
| 320 | @a有书目 (第276-278页) | |
| 330 | @a本书记录了我国多次著名破坏性地震的监测预报、应急救援、社会反应的真实现状, 探讨地震研究的难度, 解析地震预报的诸多问题。 | |
| 517 | 1 | @a揭秘中国地震预报@Ajie mi zhong guo di zhen yu bao |
| 606 | 0 | @a报告文学@Abao gao wen xue@y中国@z当代 |
| 606 | 0 | @a地震预报@Adi zhen yu bao@y中国 |
| 690 | @aI253@v4 | |
| 690 | @aP315.75@v4 | |
| 701 | 0 | @a马泰泉@Ama tai quan@4著 |
| 801 | 0 | @aCN@c20110513 |
| 905 | @dI253@eM176 | |
| 大地的震撼:揭秘中国地震预报/马泰泉著.-北京:作家出版社,2011.04 |
| 278页;24cm |
| ISBN 978-7-5063-5798-2:CNY30.00 |
| 本书记录了我国多次著名破坏性地震的监测预报、应急救援、社会反应的真实现状, 探讨地震研究的难度, 解析地震预报的诸多问题。 |
| ● |
| 相关链接 |
|
|
|
正题名:大地的震撼
索取号:I253/M176
 
预约/预借
| 序号 | 登录号 | 条形码 | 馆藏地/架位号 | 状态 | 备注 |
| 1 | 1220956 | 212209563 | 文学库108/108文学库 67排3列2层/ [索取号:I253/M176] | 在馆 | |
| 2 | 1220957 | 212209572 | 文学库108/400B社科库 26排4列3层/ [索取号:I253/M176] | 在馆 | |
| 3 | 1220958 | 212209581 | 文学库108/108文学库 67排3列2层/ [索取号:I253/M176] | 在馆 |